Wskaż mistrzów cyklu SGP nie wskazując zwycięzców IMŚ - Statystyki

Ogólne statystyki
  • Ten quiz został rozwiązany 111 razy
  • Średni wynik to 8 z 12
Answers on the Grid
Answers color-coded by a green-red scale on the quiz's grid according to % correct below.
Bartosz Zmarzlik
Tomasz Gollob
Barry Briggs
Artiom Łaguta
Jason Doyle
Ove Fundin
Jerzy Szczakiel
Jason Crump
Ivan Mauger
Tony Rickardsson (1. tytuł)
Tony Rickardsson (od 2. tytułu)
Sam Ermolenko
Nicki Pedersen
Tai Woffinden
Greg Hancock
Chris Holder
Mark Loram
Billy Hamill
Tommy Price
Lionel van Praag
 
Statystyki odpowiedzi
Odpowiedź % Poprawnych
Bartosz Zmarzlik
86%
Jason Crump
79%
Tomasz Gollob
79%
Greg Hancock
71%
Nicki Pedersen
71%
Tai Woffinden
71%
Artiom Łaguta
64%
Jason Doyle
64%
Tony Rickardsson (od 2. tytułu)
64%
Chris Holder
57%
Billy Hamill
43%
Mark Loram
36%
Nie znaleziono quizów pasujących do podanych kryteriów
Rozkład punktacji
Procent ludzi z każdym wynikiem
Percentyl według liczby udzielonych odpowiedzi
Twoja historia wyników
Nie rozwiązałeś tego quizu